Ajuste fiscal para la estabilidad y el crecimiento /

Este folleto (que actualiza las Directrices de 1995 para el ajuste fiscal) presenta el enfoque del FMI con respecto al ajuste fiscal, y se centra en la importancia de la solidez de las finanzas publicas para promover la estabilidad macroeconomica y el crecimiento. Esta estructurado en torno a cinco...

Celý popis

Podrobná bibliografie
Hlavní autor: Daniel, James
Médium: Časopis
Jazyk:English
Vydáno: Washington, D.C. : International Monetary Fund, 2007.
Edice:Pamphlet Series; Pamphlet Series, ; No. 55
On-line přístup:Full text available on IMF
LEADER 01754cas a2200253 a 4500
001 AALejournalIMF015337
008 230101c9999 xx r poo 0 0eng d
020 |c 5.00 USD 
020 |z 9781589066038 
022 |a 0252-2993 
040 |a BD-DhAAL  |c BD-DhAAL 
100 1 |a Daniel, James. 
240 1 0 |a Ajuste fiscal para la estabilidad y el crecimiento.  |l Spanish 
245 1 0 |a Ajuste fiscal para la estabilidad y el crecimiento /  |c James Daniel. 
264 1 |a Washington, D.C. :  |b International Monetary Fund,  |c 2007. 
300 |a 1 online resource (87 pages) 
490 1 |a Pamphlet Series 
500 |a <strong>Off-Campus Access:</strong> No User ID or Password Required 
500 |a <strong>On-Campus Access:</strong> No User ID or Password Required 
506 |a Electronic access restricted to authorized BRAC University faculty, staff and students 
520 3 |a Este folleto (que actualiza las Directrices de 1995 para el ajuste fiscal) presenta el enfoque del FMI con respecto al ajuste fiscal, y se centra en la importancia de la solidez de las finanzas publicas para promover la estabilidad macroeconomica y el crecimiento. Esta estructurado en torno a cinco preguntas practicas: cuando realizar un ajuste, como evaluar la situacion fiscal, cuales son los factores que determinan el exito del ajuste, como realizar el ajuste y que instituciones facilitan el ajuste. Aborda temas tales como las politicas tributarias, la sostenibilidad de la deuda, las leyes de responsabilidad fiscal y la transparencia. 
538 |a Mode of access: Internet 
830 0 |a Pamphlet Series; Pamphlet Series, ;  |v No. 55 
856 4 0 |z Full text available on IMF  |u http://elibrary.imf.org/view/books/054/02456-9781589066038-es/02456-9781589066038-es-book.xml  |z IMF e-Library